000 00477nmm a2200169Ia 4500
008 251105s9999||||xx |||||||||||||||||und||
020 _a9788433998118
041 _aspa
100 _aCaparrós, Martín
245 0 _aEcheverría
264 _a[Madrid, España] :
_bEditorial Anagrama,
_c2016
300 _a376 páginas
490 _aNarrativas hispánicas
650 _aLatin American literature
856 _uhttps://public.digitaliapublishing.com/a/42251
942 _cCF
999 _c81989
_d81989